| 000 | 01412nam a22003975 4500 | ||
|---|---|---|---|
| 001 | 195842 | ||
| 003 | SpMaBN | ||
| 005 | 20250811095354.0 | ||
| 008 | 240721s2007 sp | |||| 000 spa | ||
| 017 |
_aM 45767-2007 _bOficina Depósito Legal Madrid |
||
| 020 | _a9788495897558 | ||
| 035 | _a(OCoLC)433407783 | ||
| 035 | _aa3314473 | ||
| 040 |
_aSpMaBN _bspa _cSpMaBN _erdc |
||
| 080 | _a612.82 | ||
| 080 | _a159.928.23 | ||
| 100 |
_aMalabou, Catherine _0XX4434534 _9237588 |
||
| 245 | 1 | 0 |
_a¿Qué hacer con nuestro cerebro? / _cCatherine Malabou ; traducción de Enrique Ruiz Girela. |
| 260 |
_aMadrid : _bArena Libros, _c[2007] |
||
| 300 |
_a91 p. ; _c22 cm |
||
| 336 |
_2rdacontent _atexto |
||
| 337 |
_2rdamedia _asin mediación |
||
| 338 |
_2rdacarrier _avolumen |
||
| 490 | 1 |
_aTiempo al tiempo ; _v12 |
|
| 594 | _aTraducción de: Que faire de notre cerveau? | ||
| 650 | 4 |
_aCerebro- _xFisiología _2embne _910904 |
|
| 650 | 7 |
_aAdaptación (Psicología) _2embne _99608 |
|
| 830 |
_aTiempo al tiempo (Madrid) ; _v12 _9237589 |
||
| 852 |
_aES-MaACL _cDEPOJ _jN-8856 _hDonación: Editorial _xEncuaderanción: rústica con solapas _9204724 |
||
| 901 | _aMON0802 | ||
| 942 |
_2udc _cMONOGRAFIA _n0 |
||
| 954 | _iTatiana Alejandra de Castro Pérez | ||
| 999 |
_c195842 _d195842 |
||